000 05178cam a2201129 a 4500
999 _c57313
001 10059630
003 LIBRIS
005 20210406122037.0
008 060104s2006 sw |||||||||||000 0|swe|
020 _a9178432103
035 _a(Bo)386835
035 _a(Mo)b1607965
040 _aLGEN
_dNB
_ea
041 _aswe
082 0 4 _a910.46
_222 (machine generated)
084 _aQm-b
_2kssb/7
084 _aMåltidsakademiens biblioteksstiftelse
084 _aMåltidslitteratur 2006
084 _aKategori: Årsböcker, restaurangguider och kalendrar
084 _aNb
_2kssb/8
084 _aQm-b
_2kssb/8
100 1 _aThulin, Maria,
_d1964-
_0https://libris.kb.se/b8nqs93v5bb16xq#it
245 1 0 _aBadhotell i Norden /
_cMaria Thulin Kindblom ; [foto: Åke E:son Lindman ...].
264 1 _aMalmö :
_bArena,
_c2006
264 3 _aVärnamo :
_bFälth & Hässler
300 _a175, [1] s.
_bfärgill.
_c21 cm
340 _b21 cm
490 1 _aUtmärkta resmål
500 _5Mo
_asvenska
541 _5Gma
541 _5Og
541 _5Og
561 _5E
650 7 _aBadorter
_zNorden
_2sao
650 7 _aHotell
_zNorden
_2sao
653 _aHotell
653 _aBadorter
653 _aReselitt
653 _aGeografi
653 _aNorden
655 4 _5Mo
_aBok
830 0 _aUtmärkta resmål
887 _a{"@id":"n5zz2kc00bdnh4n","modified":"2018-10-30T23:00:00+01:00","checksum":"45284158012"}
_2librisxl
887 _a{"@id":"sx4r6hnz3zkwljh","modified":"2014-04-01T11:26:21+02:00","checksum":"66785801607"}
_2librisxl
887 _a{"@id":"chpmrrvj15n0v2x","modified":"2008-02-14T13:50:42+01:00","checksum":"66959191750"}
_2librisxl
887 _a{"@id":"bgnh85zh1vfkncs","modified":"2006-08-14T14:57:06+02:00","checksum":"74675036896"}
_2librisxl
887 _a{"@id":"ns0z3sgt1w2l48v","modified":"2008-08-25T09:45:17+02:00","checksum":"64279822653"}
_2librisxl
887 _a{"@id":"rw31f4nx1qxps9v","modified":"2008-03-18T15:51:08+01:00","checksum":"74541911841"}
_2librisxl
887 _a{"@id":"48gdrd295b6gbwx","modified":"2017-02-08T11:45:05+01:00","checksum":"65731157252"}
_2librisxl
887 _a{"@id":"26d7qtb72jq2vt6","modified":"2006-05-09T08:40:10+02:00","checksum":"70540109443"}
_2librisxl
887 _a{"@id":"rw38fvtx5p9mxnh","modified":"2010-11-04T15:53:39+01:00","checksum":"64074137919"}
_2librisxl
887 _a{"@id":"37fftbq82gp7627","modified":"2009-02-23T09:08:13+01:00","checksum":"73163536873"}
_2librisxl
887 _a{"@id":"26d8g3p714s3dj1","modified":"2013-10-15T16:11:30+02:00","checksum":"59653208615"}
_2librisxl
887 _a{"@id":"9fmg8lcg2chsc92","modified":"2008-10-23T14:32:15+02:00","checksum":"79470350979"}
_2librisxl
887 _a{"@id":"tz50hbp02v5xfhp","modified":"2006-05-04T15:32:26+02:00","checksum":"77075484387"}
_2librisxl
887 _a{"@id":"kpwqtl0q1x6p3h6","modified":"2006-01-04T20:00:24+01:00","checksum":"72484540461"}
_2librisxl
887 _a{"@id":"mrzsc5ns0crjbnc","modified":"2006-05-31T14:50:57+02:00","checksum":"63264325940"}
_2librisxl
887 _a{"@id":"kpw0qp6q0mpvxkh","modified":"2013-07-31T12:28:14+02:00","checksum":"66898742623"}
_2librisxl
887 _a{"@id":"bgnh63kh562pln4","modified":"2006-08-15T11:02:54+02:00","checksum":"65826855737"}
_2librisxl
900 1 s _6100
_d1964-
_uThulin, Maria,
_d1964-
900 1 s _6100
_d1964-
_uThulin, Maria,
_d1964-
942 _2z
_cBOOK